Personnalités francophones par initiales - A - Statistiques

Statistiques générales
  • Ce quiz a été pris 149 fois
  • Le résultat moyen est 12 sur 22
Statistiques - réponses
Indice Réponse % Correct
AH Maire de Paris depuis 2014 Anne Hidalgo
97%
AL Actrice principale de la série Un gars, une fille Alexandra Lamy
94%
AE Actrice principale de La vie d'Adèle Adèle Exarchopoulos
84%
AR Sculpteur du Penseur Auguste Rodin
83%
AS Interprète de Foule Sentimentale Alain Souchon
80%
AA Créateur de Kaamelott Alexandre Astier
80%
AD Auteur des Trois Mousquetaires Alexandre Dumas
80%
AU Dessinateur et créateur d'Astérix Albert Uderzo
73%
AT Actrice principale du Fabuleux destin d'Amélie Poulain Audrey Tautou
73%
AN Romancière belge, toujours coiffée d'un chapeau noir Amélie Nothomb
70%
AZ Clown qui a donné son nom à des cirques Achille Zavatta
49%
AM Ministre de la culture sous de Gaulle et auteur de La Condition humaine André Malraux
47%
AJ Réalisatrice récompensée de quatre Césars, partenaire d'écriture de Jean-Pierre Bacri Agnès Jaoui
45%
AW Humoriste française, elle a débuté avec Studio Bagel Alison Wheeler
39%
AO Ministre de l'éducation durant seulement 28 jours, en 2024 Amélie Oudéa-Castéra
39%
AC Interprète de Manureva Alain Chamfort
38%
AB Poète, chef de file du surréalisme André Breton
27%
AG Auteur des Faux-Monnayeurs et de L'Immoraliste, lauréat du prix Nobel de littérature en 1947 André Gide
23%
AK Collaborateur d'E.Macron, il est son secrétaire général depuis 2017 Alexis Kohler
20%
AP Chirurgien qui a inventé la technique de la ligature des vaisseaux pour les amputations Ambroise Paré
13%
AF Écrivain et critique littéraire, lauréat du prix Nobel de littérature en 1921 Anatole France
13%
AV Poète et écrivain de la période romantique, auteur de Chatterton Alfred de Vigny
10%
Aucun quiz correspondant
Distribution des résultats
% des personnes avec chaque résultat
Percentile par nombre de réponses
Votre historique - résultats
Vous n’avez pas pris ce quiz